Movies Quiz

Random Movies or Disney Quiz

Vowel-less Movies (2017) Quiz Stats

 Plays Quiz not verified by Sporcle

Score 0/20 Timer 04:00
2 Plays Today
Vowel-less Name Movie % Correct
wndr wmnWonder Woman
99.1%
dspcbl m 3Despicable Me 3
97.2%
th grtst shwmnThe Greatest Showman
94.9%
str wrs: th lst jdStar Wars: The Last Jedi
94.6%
spdr-mn: hmcmngSpider-Man: Homecoming
94.4%
fft shds drkrFifty Shades Darker
92.2%
dnkrkDunkirk
91.6%
mrdr n th rnt xprssMurder on the Orient Express
89.6%
spltSplit
89.6%
bb drvrBaby Driver
87.9%
Vowel-less Name Movie % Correct
th bss bbThe Boss Baby
86.3%
thr: rgnrkThor: Ragnarok
84.9%
bt nd th bstBeauty and the Beast
82%
jstc lgJustice League
77.5%
th shp f wtrThe Shape of Water
73.1%
wr fr th plnt f th psWar for the Planet of the Apes
70.8%
th mmmThe Mummy
57.6%
gt tGet Out
57.3%
tmc blndAtomic Blonde
45.2%
th mj mvThe Emoji Movie
41.4%

You're not logged in!

Compare scores with friends on all Sporcle quizzes.
OR
Log In

Show Comments

Extras

Top Quizzes Today


Score Distribution

Your Account Isn't Verified!

In order to create a playlist on Sporcle, you need to verify the email address you used during registration. Go to your Sporcle Settings to finish the process.

Report this User

Report this user for behavior that violates our Community Guidelines.

Details: